Moderní pojetí trhu práce a směry ekonomického myšlení
Kritické zhodnotenie moderných pohľadov na fungovanie trhu práce v trhovej ekonomike, ktoré sú využívané pre vysvetlenie možných príčin vzniku nezamestnanosti.
Salvato in:
| Autore principale: | |
|---|---|
| Natura: | Capitolo di libro |
| Lingua: | ceco |
| Soggetti: | |
| Tags: |
Nessun Tag, puoi essere il primo ad aggiungerne!!
|
MARC
| LEADER | 00000naa a2200000 4500 | ||
|---|---|---|---|
| 001 | 0168125 | ||
| 005 | 20220422111948.1 | ||
| 041 | 0 | |a cze | |
| 044 | |a CZ | ||
| 245 | 1 | 0 | |a Moderní pojetí trhu práce a směry ekonomického myšlení |c Milan Palát |
| 520 | |a Kritické zhodnotenie moderných pohľadov na fungovanie trhu práce v trhovej ekonomike, ktoré sú využívané pre vysvetlenie možných príčin vzniku nezamestnanosti. | ||
| 610 | 2 | 0 | |a trh práce |
| 610 | 2 | 0 | |a nezamestnanosť |
| 610 | 2 | 0 | |a dejiny myslenia ekonomického |
| 610 | 2 | 0 | |a história |
| 610 | 2 | 0 | |a monetarizmus |
| 610 | 2 | 0 | |a teória očakávaní racionálnych |
| 610 | 2 | 0 | |a keynesizmus |
| 100 | 1 | |a Palát, Milan | |